| 000 | 00932nam a2200217Ia 4500 | ||
|---|---|---|---|
| 001 | 15539 | ||
| 003 | GE_BSU | ||
| 008 | 181216s||||||||xx |||||||||||||| ||und|| | ||
| 040 | _cGE_BSU | ||
| 100 | _aბელკოვიჩი, ვ. და სხვა | ||
| 245 | _aოკეანის გამოცანა | ||
| 245 | _bძიებები და აღმოჩენები ვეშაპებსა და დელფინებზე | ||
| 245 | _cთარგმნა ზ. ლომიძისა და ვ. ჯოხაძისა | ||
| 260 | _aთბილისი | ||
| 260 | _bნაკადული | ||
| 260 | _c1971. | ||
| 300 | _a207გვ.ილ. 12 ფ. ილ.20სმ. | ||
| 653 | _aოკეანის გამოცანა | ||
| 653 | _aძიებები და აღმოჩენები ვეშაპებსა და დელფინებზე | ||
| 942 | _cBK | ||
| 999 |
_c48639 _d48639 |
||